| 000 | 00360nam a2200133Ia 4500 | ||
|---|---|---|---|
| 008 | 220217s9999||||xx |||||||||||||| ||und|| | ||
| 020 | _a0-521-78618-5 | ||
| 082 | _a005.13 MAR | ||
| 100 | _aMartin, Robert, C | ||
| 245 | 0 | _aMore C++ GEMS | |
| 260 |
_aCambridge univercity press _bUnited Kingdom _c2000 |
||
| 300 | _b380 | ||
| 650 | _aPROGRAMMING LANGUAGE | ||
| 999 |
_c174557 _d174557 |
||